| 000 | 00900cab a2200193 4500 | ||
|---|---|---|---|
| 001 | ##L136139 | ||
| 008 | 070115n2007 000 0 eng u | ||
| 035 | _a(Sirsi) u136139 | ||
| 041 | 0 | _aeng | |
| 100 | 1 | _aJones, Matthew | |
| 245 | 0 | 0 | _aWhat REITS mean for you? |
| 260 | _c2007 | ||
| 490 | 0 |
_aBuilding _v272(8462) 12 January 2007, 50-51(2) |
|
| 520 | _aLooks at the impact of REITS in the property development arena and highlights what firms need to know about them. Considers how REITS will affect schemes already on the books, how REITS will develop, what checks should be done if a REIT is the developer and what to do if a dispute arises with a REIT. Also queries whether to give the purchaser collateral warranties or third-party rights. | ||
| 590 | _aKA | ||
| 651 | 4 |
_aUnited Kingdom _y |
|
| 690 | _aPROPERTY-PROPERTY FINANCE AND INVESTMENT-REAL ESTATE INVESTMENT TRUSTS | ||
| 942 | _n0 | ||
| 999 |
_c78150 _d78150 |
||